000 00314 a2200145 4500
001 61161
020 _a9783126757546
040 _cAnchieta - Pituba
240 1 0 _aWir A1
_lpor
245 1 0 _aWir A1
300 _a128
362 0 _a2012
650 4 _aLínguas germânicas (teutônicas) língua alemã
942 _cBK
999 _c61161
_d61161